Descripción de los más célebres establecimientos penales de Europa y los Estados Unidos (Record no. 157982)

MARC details
000 -LEADER
campo de control de longitud fija 01243nam a2200277 i 4500
001 - NÚMERO DE CONTROL
campo de control 157982
003 - IDENTIFICADOR DE NÚMERO DE CONTROL
campo de control ES-MaACL
005 - FECHA Y HORA DE LA ÚLTIMA TRANSACCIÓN
campo de control 20250904063103.0
008 - DATOS DE LONGITUD FIJA--INFORMACIÓN GENERAL
campo de control de longitud fija 990224s1832 sp |||| | spa d
080 ## - NÚMERO DE LA CLASIFICACIÓN DECIMAL UNIVERSAL
Número de la Clasificación Decimal Universal 343.81/.82(4)
080 ## - NÚMERO DE LA CLASIFICACIÓN DECIMAL UNIVERSAL
Número de la Clasificación Decimal Universal 343.81/.82(73)
100 1# - ENTRADA PRINCIPAL--NOMBRE DE PERSONA
Nombre de persona López, Marcial Antonio,
Fechas asociadas al nombre m.1875
9 (RLIN) 150593
245 10 - MENCIÓN DEL TÍTULO
Título Descripción de los más célebres establecimientos penales de Europa y los Estados Unidos
Resto del título : seguida de la aplicación práctica de sus principios y régimen interior a las casas de corrección /
Mención de responsabilidad, etc. por Marcial Antonio López.
260 ## - PUBLICACIÓN, DISTRIBUCIÓN, ETC.
Lugar de publicación, distribución, etc. Valencia :
Nombre del editor, distribuidor, etc. [s.n.],
Fecha de publicación, distribución, etc. 1832 (
Fabricante Imp. de Benito Monfort)
300 ## - DESCRIPCIÓN FÍSICA
Extensión 2 t. en 1 v. (XVIII, 289; 351 p.) ;
Dimensiones 21 cm.
530 ## - NOTA DISPONIBLE DE FORMULARIO FÍSICO ADICIONAL
Nota de formato físico adicional disponible Disponible en formato digital.
597 ## - NOTA DE DESCRIPCIÓN FÍSICA
NOTA DE DESCRIPCIÓN FÍSICA Antep.
650 #4 - PUNTO DE ACCESO ADICIONAL DE MATERIA--TÉRMINO DE MATERIA
Término de materia o nombre geográfico como elemento de entrada Establecimientos penitenciarios-
Subdivisión geográfica Europa.
9 (RLIN) 150594
650 #4 - PUNTO DE ACCESO ADICIONAL DE MATERIA--TÉRMINO DE MATERIA
Término de materia o nombre geográfico como elemento de entrada Establecimientos penitenciarios-
Subdivisión geográfica Estados Unidos.
9 (RLIN) 12516
650 ## - PUNTO DE ACCESO ADICIONAL DE MATERIA--TÉRMINO DE MATERIA
Término de materia o nombre geográfico como elemento de entrada Derecho penitenciario-
Subdivisión geográfica Europa.
9 (RLIN) 150595
650 ## - PUNTO DE ACCESO ADICIONAL DE MATERIA--TÉRMINO DE MATERIA
Término de materia o nombre geográfico como elemento de entrada Derecho penitenciario-
Subdivisión geográfica Estados Unidos.
9 (RLIN) 150596
852 ## - LOCALIZACIÓN
Ubicación ES-MaACL
Número de control de estantería D-444
Nota libre - Enc. pasta
852 ## - LOCALIZACIÓN
Ubicación ES-MaACL
Número de control de estantería D-298
Nota libre .- Donativo Lastres
856 ## - LOCALIZACIÓN Y ACCESO ELECTRÓNICOS
Identificador Uniforme de Recursos <a href="http://bdh-rd.bne.es/viewer.vm?id=0000048711&page=1 ">http://bdh-rd.bne.es/viewer.vm?id=0000048711&page=1 </a>
Nota pública Biblioteca Digital Hispánica
Holdings
Estatus retirado Estado de pérdida Estado de daño No para préstamo Colección Biblioteca de origen Biblioteca actual Ubicación en estantería Fecha de adquisición Fuente de adquisición Total de préstamos Signatura topográfica completa Código de barras Visto por última vez Precio de reemplazo Tipo de ítem Koha
        Colección digital Biblioteca del Ateneo de Madrid Biblioteca del Ateneo de Madrid Sala Valle Inclán 15/06/2012     D-298 901189766 23/02/2023 23/02/2023 Libro impreso antiguo
        Colección digital Biblioteca del Ateneo de Madrid Biblioteca del Ateneo de Madrid Sala Valle Inclán 17/01/2008     D-444 901165341 23/02/2023 23/02/2023 Libro impreso antiguo